[Event "Quimper op 5th"]
[Site "Quimper"]
[Date "2014.10.31"]
[Round "1"]
[White "Herledan, Yann"]
[Black "Andre, Marine"]
[Result "0-1"]
[WhiteElo "1099"]
[BlackElo "1735"]
[PlyCount "56"]
[EventDate "2014.10.31"]
[EventType "swiss"]
[EventRounds "7"]
[EventCountry "FRA"]
[SourceTitle "EXT 2016"]
[Source "ChessBase"]
[SourceDate "2015.10.08"]
[SourceVersion "1"]
[SourceVersionDate "2015.10.08"]
[SourceQuality "1"]

1. e4 e5 2. Bc4 Nf6 3. Nf3 Nc6 4. Ng5 d5 5. Bb5 Nxe4 6. Nxe4 dxe4 7. Bxc6+ bxc6 8. Nc3 Qg5 9. Nxe4 Qxg2 10. Ng3 Bd6 11. Qe2 Bf5 12. Rf1 Bxc2 13. f3 Qxe2+ 14. Nxe2 Bd3 15. Rg1 Bc5 16. Rxg7 Bg6 17. d4 exd4 18. Bf4 d3 19. Nc3 Bd4 20. Ne4 Bxg7 21. 0-0-0 0-0-0 22. Nf2 Rhe8 23. Bg5 Re2 24. Ng4 Rc2+ 25. Kb1 Rxb2+ 26. Kc1 d2+ 27. Bxd2 Rdxd2 28. Rxd2 Rb1# 0-1